Política económica neoliberal y la obstrucción del aparato productivo en las economías de la periferia

Tallennettuna:
Bibliografiset tiedot
Päätekijä: Hernández Chavez, Alcides
Aineistotyyppi: Teksti
Julkaistu: s.l.: s.e.
Tagit: Lisää tagi
Ei tageja, Lisää ensimmäinen tagi!

MARC

LEADER 00000 a a2200000 04500
001 21739
003
040
090 |a 097300  
100 |a Hernández Chavez, Alcides  
245 |a Política económica neoliberal y la obstrucción del aparato productivo en las economías de la periferia  
260 |a s.l.:   |b s.e.  
300 |a 157 p.  
999 |c 3714  |d 3714